| 000 | 00391 a2200145 4500 | ||
|---|---|---|---|
| 999 |
_c292630 _d292630 |
||
| 001 | 57557 | ||
| 003 | NUST | ||
| 005 | 20180118201610.0 | ||
| 008 | 180118b xxu||||| |||| 00| 0 eng d | ||
| 020 | _a9780195979756 | ||
| 082 | _a320.95491 HAM | ||
| 100 |
_aHamid Khan _99016 |
||
| 245 |
_aConstitutional And Political History of Pakistan _cHamid Khan _hEnglish |
||
| 250 | _a1st | ||
| 260 |
_aNew York _bOxford Press _c2005 |
||
| 300 | _axviii 522 p | ||
| 942 |
_aNUST-CAE _cBK _cBK _k320.95491 HAM _2ddc |
||